Statistics for Great Basin States on a Map

Click here to take the quiz!

General Stats

  • This quiz has been taken 359 times
  • The average score is 7 of 7

Answers on the Map

Answers color-coded by a green-red scale on the quiz's map according to % correct below.
 

Answer Stats

Answer% Correct
California
100%
Nevada
99%
Oregon
98%
Utah
98%
Idaho
96%
Wyoming
96%
Baja California
86%

Score Distribution

Percentile by Number Answered

Percent of People with Each Score

Your Score History

You have not taken this quiz